[Event "TCh-CHN 2017"]
[Site "China CHN"]
[Date "2017.07.28"]
[Round "10.4"]
[Board "1"]
[White "Wei, Yi"]
[Black "Li, Yankai"]
[Result "1-0"]
[WhiteTitle "GM"]
[WhiteElo "2743"]
[BlackElo "2456"]
[WhiteTeam "Jiangsu"]
[BlackTeam "Tianjin"]
[WhiteFideId "8603405"]
[BlackFideId "8609357"]
[EventDate "2017.04.18"]

1. c4 e6 2. Nc3 d5 3. d4 Nf6 4. cxd5 Nxd5 5. e4 Nxc3 6. bxc3 c5 7. Rb1 Be7 8.
Nf3 O-O 9. Bc4 Qc7 10. Qe2 b6 11. O-O Bb7 12. d5 e5 13. Rd1 Qd6 14. a4 a6 15.
Bd3 Nd7 16. Nd2 Rfb8 17. Nc4 Qf6 18. f4 exf4 19. e5 Qh6 20. Qg4 Bc8 21. Bxf4 1-0

[Event "TCh-CHN 2017"]
[Site "China CHN"]
[Date "2017.07.28"]
[Round "10.4"]
[Board "2"]
[White "Lin, Chen"]
[Black "Malakhov, Vladimir"]
[Result "1/2-1/2"]
[WhiteTitle "GM"]
[BlackTitle "GM"]
[WhiteElo "2477"]
[BlackElo "2686"]
[WhiteTeam "Jiangsu"]
[BlackTeam "Tianjin"]
[WhiteFideId "8602298"]
[BlackFideId "4120787"]
[EventDate "2017.04.18"]

1. e4 e5 2. Nf3 Nc6 3. Bb5 Nf6 4. O-O Nxe4 5. Re1 Nd6 6. Nxe5 Be7 7. Bf1 Nxe5 8.
Rxe5 O-O 9. d4 Bf6 10. Re1 Nf5 11. c3 d5 12. Bf4 c6 13. Nd2 Nh4 14. Bd3 Bf5 15.
Bxf5 Nxf5 16. Qc2 Qd7 17. Nf3 Rfe8 18. Bg5 Bxg5 19. Nxg5 f6 20. Nf3 h5 21. Kf1
h4 22. h3 g5 23. Rxe8+ Rxe8 24. Re1 Rxe1+ 25. Nxe1 Ne7 26. Qe2 Kf7 27. Nd3 Qf5
28. Ke1 Ng6 29. Kd2 b6 30. Qh5 Kg7 31. Qe2 a5 32. a4 Qe4 33. f3 Qf5 34. Qe8 Nf4
35. Qe7+ Kg6 36. Qe8+ Kg7 37. Qe7+ Kg6 38. Qe8+ 1/2-1/2

[Event "TCh-CHN 2017"]
[Site "China CHN"]
[Date "2017.07.28"]
[Round "10.4"]
[Board "3"]
[White "Yu, Ruiyuan"]
[Black "Wang, Yue"]
[Result "0-1"]
[WhiteTitle "GM"]
[BlackTitle "GM"]
[WhiteElo "2499"]
[BlackElo "2690"]
[WhiteTeam "Jiangsu"]
[BlackTeam "Tianjin"]
[WhiteFideId "8603090"]
[BlackFideId "8601429"]
[EventDate "2017.04.18"]

1. e4 c5 2. Nf3 e6 3. d4 cxd4 4. Nxd4 Nc6 5. Nc3 Qc7 6. Be2 Nf6 7. O-O Be7 8.
Be3 O-O 9. f4 d6 10. Kh1 Nxd4 11. Qxd4 b6 12. Nb5 Qb8 13. c4 Bb7 14. Nc3 Nd7 15.
Bf3 Nc5 16. Qd2 Bf6 17. Bd4 Bxd4 18. Qxd4 e5 19. Qd2 exf4 20. Rad1 Qe8 21. Qxd6
Qe6 22. Qd4 Rae8 23. e5 Bxf3 24. Rxf3 Qxe5 25. h4 Qxd4 26. Rxd4 Re1+ 27. Kh2 Ne6
28. Rd7 h6 29. g3 fxg3+ 30. Kxg3 Rg1+ 31. Kf2 Rg4 32. b3 Rxh4 33. Rxa7 f5 34.
Rb7 f4 35. Ne4 Rh2+ 36. Kf1 Nd4 37. Rf2 Rh1+ 38. Kg2 Re1 39. Nd2 Rf6 40. b4 Rg6+
41. Kh2 Re5 42. Kh1 f3 43. Rd7 Rh5+ 44. Rh2 Rxh2+ 0-1

[Event "TCh-CHN 2017"]
[Site "China CHN"]
[Date "2017.07.28"]
[Round "10.4"]
[Board "4"]
[White "Chu, Ruotong"]
[Black "Guo, Qi"]
[Result "1/2-1/2"]
[BlackTitle "IM"]
[WhiteElo "2166"]
[BlackElo "2396"]
[WhiteTeam "Tianjin"]
[BlackTeam "Jiangsu"]
[WhiteFideId "8605653"]
[BlackFideId "8604002"]
[EventDate "2017.04.18"]

1. d4 Nf6 2. c4 e6 3. g3 d5 4. Bg2 Bb4+ 5. Nd2 O-O 6. Nf3 b6 7. O-O Bb7 8. Ne5
Nbd7 9. Qa4 Bxd2 10. Bxd2 c5 11. Nxd7 Qxd7 12. Qxd7 Nxd7 13. Rfd1 cxd4 14. Bb4
Rfe8 15. Rxd4 Nf6 16. cxd5 Bxd5 17. Bxd5 Nxd5 18. e4 Nxb4 19. Rxb4 Red8 20. Rc1
Rac8 21. Rbc4 Rxc4 22. Rxc4 g5 23. Rc7 Rd2 24. Rxa7 Rxb2 25. h3 h5 26. Kg2 Kg7
27. Kf3 Kf6 28. Rb7 Ke5 29. Rxf7 Rxa2 30. Rh7 g4+ 31. hxg4 hxg4+ 32. Kxg4 Rxf2
33. Rh5+ Kxe4 34. Rb5 e5 35. Rxb6 Kd3 36. Rb3+ Kc4 37. Ra3 e4 38. Ra4+ Kd3 39.
Ra3+ Ke2 40. Ra2+ Kf1 41. Ra1+ Ke2 42. Ra2+ Kf1 43. Ra1+ Ke2 44. Ra2+ 1/2-1/2

[Event "TCh-CHN 2017"]
[Site "China CHN"]
[Date "2017.07.28"]
[Round "10.5"]
[Board "1"]
[White "Wan, Yunguo"]
[Black "Lan, Zilun"]
[Result "1-0"]
[WhiteTitle "GM"]
[WhiteElo "2486"]
[BlackElo "2361"]
[WhiteTeam "Hebei"]
[BlackTeam "Zhejiang"]
[WhiteFideId "8603189"]
[BlackFideId "8604193"]
[EventDate "2017.04.18"]

1. e4 c6 2. d4 d5 3. e5 Bf5 4. Nd2 e6 5. Nb3 Nd7 6. Nf3 Ne7 7. Be2 Bg6 8. O-O
Nf5 9. Bd2 Be7 10. g4 Nh4 11. Nxh4 Bxh4 12. f4 f5 13. exf6 Bxf6 14. g5 Be7 15.
Bg4 Nf8 16. Nc5 Bxc5 17. dxc5 Qe7 18. b4 O-O-O 19. Bc3 h6 20. Qd4 Rd7 21. Rae1
Be4 22. Qe5 hxg5 23. f5 Rh6 24. fxe6 Nxe6 25. Re2 b6 26. Ref2 Kb7 27. Rf7 Qe8
28. Rf8 Qg6 29. Qb8+ Ka6 30. Be2+ 1-0

[Event "TCh-CHN 2017"]
[Site "China CHN"]
[Date "2017.07.28"]
[Round "10.5"]
[Board "3"]
[White "Peng, Xiongjian"]
[Black "Lu, Shanglei"]
[Result "1/2-1/2"]
[BlackTitle "GM"]
[WhiteElo "2410"]
[BlackElo "2641"]
[WhiteTeam "Hebei"]
[BlackTeam "Zhejiang"]
[WhiteFideId "8610550"]
[BlackFideId "8603332"]
[EventDate "2017.04.18"]

1. d4 d6 2. Nf3 g6 3. c4 f5 4. g3 Nf6 5. Bg2 Bg7 6. O-O O-O 7. Nc3 Qe8 8. Re1
Nc6 9. Nb5 Qd7 10. d5 Nd8 11. Nfd4 c5 12. dxc6 bxc6 13. Nc3 e5 14. Nc2 Ne6 15.
b3 Bb7 16. Ba3 Rfd8 17. e4 fxe4 18. Nxe4 Nxe4 19. Bxe4 Ng5 20. Bg2 Nh3+ 21. Bxh3
Qxh3 22. Ne3 d5 23. Qg4 Qxg4 24. Nxg4 Re8 25. Bc5 a5 26. Rad1 a4 27. b4 h5 28.
Ne3 Rad8 29. f3 Bf8 30. Bxf8 Rxf8 31. Nf1 dxc4 32. Rxd8 Rxd8 33. Rxe5 c3 34. Rc5
Ba6 35. Ne3 Rd3 36. Kf2 a3 37. Rxc6 Bb7 38. Rc7 Rd2+ 39. Ke1 Rxa2 40. Rxc3 Ra1+
41. Kf2 a2 42. Ra3 Bd5 43. Nxd5 Rh1 44. Ra8+ Kg7 1/2-1/2

[Event "TCh-CHN 2017"]
[Site "China CHN"]
[Date "2017.07.28"]
[Round "10.5"]
[Board "4"]
[White "Zhu, Jiner"]
[Black "Yang, Yijing"]
[Result "1-0"]
[BlackTitle "WCM"]
[WhiteElo "2324"]
[BlackElo "2031"]
[WhiteTeam "Zhejiang"]
[BlackTeam "Hebei"]
[WhiteFideId "8608059"]
[BlackFideId "8608601"]
[EventDate "2017.04.18"]

1. e4 e6 2. d4 d5 3. Nc3 Bb4 4. exd5 exd5 5. Qf3 c6 6. Bd2 Qf6 7. O-O-O Qxf3 8.
Nxf3 Ne7 9. h3 f6 10. Re1 b6 11. Bd3 Kf7 12. g4 Ba6 13. Bf4 Bxd3 14. cxd3 Rd8
15. Re3 Ng6 16. Bg3 Bd6 17. Ne2 Na6 18. h4 Bxg3 19. fxg3 Re8 20. Rxe8 Rxe8 21.
Kd2 c5 22. h5 Ne7 23. Rc1 Rc8 24. Nf4 g6 25. hxg6+ hxg6 26. Rh1 Rg8 27. Re1 g5
28. Nh5 Nc6 29. Rf1 cxd4 30. Nxf6 Rd8 31. Nxg5+ Ke7 32. Nfh7 Rc8 33. Re1+ Kd6
34. Nf7+ Kc5 35. Nf6 Rc7 36. Rc1+ Kb5 37. Nd6+ Ka4 38. Nxd5 Rd7 39. Rxc6 Nb8 40.
Nxb6+ axb6 41. Rxb6 1-0

[Event "TCh-CHN 2017"]
[Site "China CHN"]
[Date "2017.07.28"]
[Round "10.5"]
[Board "5"]
[White "Ding, Yixin"]
[Black "Zhai, Mo"]
[Result "1-0"]
[WhiteTitle "WGM"]
[BlackTitle "WGM"]
[WhiteElo "2424"]
[BlackElo "2302"]
[WhiteTeam "Zhejiang"]
[BlackTeam "Hebei"]
[WhiteFideId "8602972"]
[BlackFideId "8600201"]
[EventDate "2017.04.18"]

1. e4 e6 2. d4 d5 3. Nc3 Nf6 4. e5 Nfd7 5. f4 c5 6. Nf3 Be7 7. Be3 b6 8. h4 Nc6
9. h5 cxd4 10. Nxd4 Bh4+ 11. Kd2 Nxd4 12. Bxd4 Be7 13. Qg4 O-O 14. Rd1 Bc5 15.
Kc1 Rb8 16. Kb1 Bxd4 17. Rxd4 b5 18. Bd3 b4 19. Ne2 f5 20. Qf3 Nc5 21. g4 Qb6
22. Qg2 Na4 23. gxf5 Nc3+ 24. Nxc3 bxc3 25. b3 Qxd4 26. h6 Rb7 27. f6 Rxf6 28.
Bxh7+ Kf8 29. exf6 Qxf6 30. Qf2 Rc7 31. hxg7+ Qxg7 32. Bd3 Qf6 33. Rg1 d4 34.
Qh2 Rf7 35. Qh5 Bd7 36. Qc5+ Re7 37. Qd6 Be8 38. f5 Bd7 39. a4 a5 40. Rg6 Qh4
41. f6 1-0

[Event "TCh-CHN 2017"]
[Site "China CHN"]
[Date "2017.07.28"]
[Round "10.6"]
[Board "1"]
[White "Bu, Xiangzhi"]
[Black "Zhao, Yuanhe"]
[Result "1-0"]
[WhiteTitle "GM"]
[WhiteElo "2730"]
[BlackElo "2394"]
[WhiteTeam "Shandong"]
[BlackTeam "Chengdu"]
[WhiteFideId "8601445"]
[BlackFideId "8609497"]
[EventDate "2017.04.18"]

1. Nf3 d5 2. d4 c6 3. c4 Nf6 4. Nc3 e6 5. Bg5 Nbd7 6. e3 Qa5 7. cxd5 Nxd5 8. Qd2
h6 9. Bh4 Nxc3 10. bxc3 b6 11. Bd3 Ba6 12. O-O Ba3 13. Rad1 O-O 14. Qc2 Bxd3 15.
Rxd3 Rfe8 16. c4 Be7 17. Bg3 Rac8 18. e4 c5 19. d5 exd5 20. Rxd5 Nf6 21. Rdd1
Rcd8 22. e5 Nh7 23. e6 fxe6 24. Ne5 Rxd1 25. Rxd1 Nf8 26. h4 Qa6 27. Qe2 Rd8 28.
Rxd8 Bxd8 29. Qh5 Qb7 30. Qe8 Bf6 31. Nc6 Kh7 32. h5 a6 33. Nb8 Qe7 34. Qxe7
Bxe7 35. a4 g6 36. Bc7 gxh5 37. Bxb6 Kg6 38. Nxa6 Nd7 39. Bc7 Kf5 40. a5 h4 41.
Nb8 Bd8 42. Nxd7 1-0

[Event "TCh-CHN 2017"]
[Site "China CHN"]
[Date "2017.07.28"]
[Round "10.6"]
[Board "2"]
[White "Wen, Yang"]
[Black "Xu, Xiangyu"]
[Result "0-1"]
[WhiteTitle "GM"]
[BlackTitle "GM"]
[WhiteElo "2605"]
[BlackElo "2549"]
[WhiteTeam "Shandong"]
[BlackTeam "Chengdu"]
[WhiteFideId "8602956"]
[BlackFideId "8608288"]
[EventDate "2017.04.18"]

1. d4 Nf6 2. c4 g6 3. Nc3 d5 4. Nf3 Bg7 5. e3 O-O 6. cxd5 Nxd5 7. Bc4 Nb6 8. Bb3
c5 9. O-O Bg4 10. dxc5 N6d7 11. Bd5 Qc8 12. h3 Bxf3 13. Bxf3 Nxc5 14. Qc2 Nba6
15. Nd5 Qd8 16. Rd1 e6 17. Nb4 Qb6 18. Nxa6 Nxa6 19. Rb1 Rfd8 20. Bd2 Nb4 21.
Qa4 Nc6 22. b3 Rd6 23. Be1 Rad8 24. Rxd6 Rxd6 25. Rc1 Bf6 26. Qa3 Rd7 27. Bxc6
bxc6 28. Qa4 Qb5 29. Rxc6 Qe2 30. Rc1 Rc7 31. Qa3 a5 32. g3 Bb2 33. Qxb2 Qxb2
34. Rxc7 Qb1 35. Kf1 f6 36. Ra7 Qxa2 37. Rxa5 Qxb3 38. Ra7 Qd1 39. h4 g5 40.
hxg5 fxg5 41. Rc7 Kf8 42. Rc5 h6 43. Re5 Kf7 44. f4 Kf6 45. Kf2 Qc2+ 46. Kf1
Qc4+ 47. Kf2 Kg6 48. g4 gxf4 49. Bd2 Qa2 0-1

[Event "TCh-CHN 2017"]
[Site "China CHN"]
[Date "2017.07.28"]
[Round "10.6"]
[Board "3"]
[White "Zhao, Jun"]
[Black "Moiseenko, Alexander"]
[Result "0-1"]
[WhiteTitle "GM"]
[BlackTitle "GM"]
[WhiteElo "2604"]
[BlackElo "2667"]
[WhiteTeam "Shandong"]
[BlackTeam "Chengdu"]
[WhiteFideId "8602522"]
[BlackFideId "14102560"]
[EventDate "2017.04.18"]

1. e4 c5 2. Nf3 Nc6 3. d4 cxd4 4. Nxd4 e5 5. Nb5 d6 6. c4 Be7 7. N1c3 a6 8. Na3
Be6 9. Be2 Nd4 10. O-O Nf6 11. Be3 Nxe2+ 12. Qxe2 O-O 13. Rfd1 Ng4 14. Bd2 f5
15. exf5 Bxf5 16. Be1 Rc8 17. Nd5 Nf6 18. Nxf6+ Rxf6 19. Rac1 Qb6 20. Rc3 Rg6
21. Rg3 Rxg3 22. hxg3 Qc6 23. b3 Qe4 24. Qxe4 Bxe4 25. Bb4 Rc6 26. f4 Kf7 27.
fxe5 dxe5 28. Bxe7 Kxe7 29. Re1 Bg6 30. Rxe5+ Re6 31. Rxe6+ Kxe6 32. Kf2 Ke5 33.
Ke3 Be4 34. g4 Bxg2 35. Nb1 Bh3 36. Kf3 Kd4 37. Kg3 Bf1 38. Nd2 Be2 39. Kf4 g5+ 0-1

[Event "TCh-CHN 2017"]
[Site "China CHN"]
[Date "2017.07.28"]
[Round "10.6"]
[Board "4"]
[White "Lagno, Kateryna"]
[Black "Zhang, Lanlin"]
[Result "1-0"]
[WhiteTitle "GM"]
[WhiteElo "2547"]
[BlackElo "2183"]
[WhiteTeam "Chengdu"]
[BlackTeam "Shandong"]
[WhiteFideId "14109336"]
[BlackFideId "8608032"]
[EventDate "2017.04.18"]

1. e4 e5 2. Nf3 Nc6 3. Bc4 Bc5 4. c3 Nf6 5. d3 O-O 6. O-O d6 7. a4 a5 8. Na3 h6
9. h3 Qe7 10. Re1 Be6 11. Bxe6 fxe6 12. Nc2 Nh5 13. d4 Ba7 14. Be3 Nf4 15. Kh2
Qf6 16. Ng1 exd4 17. cxd4 e5 18. d5 Nd4 19. g3 Ng6 20. Na3 c6 21. dxc6 bxc6 22.
Rf1 Rfb8 23. Rb1 Kh8 24. Nc4 Bc5 25. Bd2 Bb4 26. Bc3 c5 27. Ne3 Ne7 28. f4 exf4
29. gxf4 Qe6 30. Qd3 d5 31. exd5 Nxd5 32. Nc4 Rd8 33. Rbe1 Qa6 34. Rd1 Nxc3 35.
bxc3 Ne6 36. Nd6 c4 37. Nf7+ Kg8 38. Qg6 Rxd1 39. Nxh6+ Kh8 40. Nf7+ Kg8 41.
Rxd1 Nxf4 42. Nh6+ Kh8 43. Rd8+ 1-0

[Event "TCh-CHN 2017"]
[Site "China CHN"]
[Date "2017.07.28"]
[Round "10.6"]
[Board "5"]
[White "Ren, Xiaoyi"]
[Black "Zhang, Xiaowen"]
[Result "1/2-1/2"]
[BlackTitle "WGM"]
[WhiteElo "2254"]
[BlackElo "2332"]
[WhiteTeam "Chengdu"]
[BlackTeam "Shandong"]
[WhiteFideId "8608709"]
[BlackFideId "8603219"]
[EventDate "2017.04.18"]

1. d4 Nf6 2. c4 e6 3. Bf4 d5 4. e3 c5 5. Nf3 Nc6 6. Nc3 a6 7. a4 cxd4 8. exd4
Bb4 9. Bd3 dxc4 10. Bxc4 Nd5 11. Bd2 Nb6 12. Qb3 Nxd4 13. Nxd4 Qxd4 14. Qxb4
Nxc4 15. O-O-O Nxd2 16. Qxd4 Nb3+ 17. Kc2 Nxd4+ 18. Rxd4 Bd7 19. b4 Ke7 20. Re1
Bc6 21. f3 Rhd8 22. Red1 Rxd4 23. Rxd4 Rd8 24. Rh4 h6 25. Rc4 Rc8 26. Kd2 e5 27.
Ke3 Bd7 28. Rxc8 Bxc8 29. f4 Kd6 30. Ke4 f5+ 31. Ke3 g5 32. g3 Be6 33. a5 Bd7
34. Kf3 Bc6+ 35. Ke3 Ke6 36. h4 exf4+ 37. gxf4 gxh4 38. Kf2 Kf6 39. Nd1 Be4 40.
Kg1 Bf3 41. Nc3 Kg6 42. Kh2 Kh5 43. Kh3 Bg4+ 44. Kh2 h3 45. Nd5 Bf3 46. Ne3 Kh4
47. Nxf5+ Kg4 48. Nxh6+ Kxf4 49. Kxh3 Bd5 50. Kh4 Be6 51. Kh5 Ke4 52. Kg5 Kd4
53. Kf6 Kd5 54. Ke7 Ke5 55. Kd8 Kd6 56. Ke8 Kc6 57. Ke7 Bd5 58. Nf5 Kb5 59. Kd6
Bh1 60. Kc7 1/2-1/2

[Event "TCh-CHN 2017"]
[Site "China CHN"]
[Date "2017.07.29"]
[Round "11.1"]
[Board "2"]
[White "Li, Di"]
[Black "Wang, Yiye"]
[Result "0-1"]
[WhiteTitle "IM"]
[BlackTitle "IM"]
[WhiteElo "2485"]
[BlackElo "2435"]
[WhiteTeam "Chengdu"]
[BlackTeam "Beijing"]
[WhiteFideId "8607508"]
[BlackFideId "8606021"]
[EventDate "2017.04.18"]

1. Nf3 Nf6 2. d4 e6 3. c4 Bb4+ 4. Bd2 a5 5. Nc3 b6 6. e3 Bb7 7. Bd3 Bxc3 8. Bxc3
Ne4 9. Rc1 d6 10. O-O Nd7 11. Be1 e5 12. Qc2 f5 13. c5 bxc5 14. Qb3 Ba6 15. Bxa6
Rxa6 16. Qc4 Ra7 17. dxe5 Qe7 18. e6 Nb6 19. Qb5+ Kd8 20. Nd2 Qxe6 21. Nxe4 fxe4
22. Bc3 Kc8 23. Rfd1 Rf8 24. Bxa5 Nd7 25. Bc3 Rf5 26. Qb3 Qxb3 27. axb3 Ne5 28.
Bxe5 Rxe5 29. Kf1 Rb7 30. Rc3 Rb4 31. Ke2 Kb7 32. Ra1 Rg5 33. g3 Re5 34. h4 Re8
35. Ra3 h5 36. Rc4 Kb6 37. Rxb4+ cxb4 38. Ra1 d5 39. g4 hxg4 40. Rg1 Rf8 41.
Rxg4 Rf7 42. h5 Rf5 43. Rxg7 Rxh5 44. Rg1 Rh8 45. Rd1 c6 46. Ra1 Rf8 47. Rd1 Ra8
48. f3 exf3+ 49. Kxf3 Rh8 50. Rd2 Rh3+ 51. Kf4 Rh1 52. Ke5 Rh4 53. Kd6 Rh6+ 54.
Ke5 Rh3 55. Kd4 Kb5 56. Rc2 Rh4+ 57. Ke5 Rh6 58. Rg2 Rh3 59. Re2 Kb6 60. Kd4
Rh4+ 61. Kd3 c5 62. Rg2 Rh3 63. Rg5 Rh2 64. Rxd5 Rxb2 65. e4 0-1

[Event "TCh-CHN 2017"]
[Site "China CHN"]
[Date "2017.07.29"]
[Round "11.1"]
[Board "3"]
[White "Xu, Xiangyu"]
[Black "Fang, Yan"]
[Result "1/2-1/2"]
[WhiteTitle "GM"]
[WhiteElo "2549"]
[BlackElo "2426"]
[WhiteTeam "Chengdu"]
[BlackTeam "Beijing"]
[WhiteFideId "8608288"]
[BlackFideId "8604746"]
[EventDate "2017.04.18"]

1. Nf3 Nf6 2. g3 g6 3. b3 Bg7 4. Bb2 b6 5. Bg2 Bb7 6. O-O O-O 7. c4 c5 8. Nc3 d5
9. Nxd5 Nxd5 10. Bxg7 Kxg7 11. cxd5 Qxd5 12. d4 cxd4 13. Nh4 Qd7 14. Bxb7 Qxb7
15. Qxd4+ Kg8 16. Rac1 Nd7 17. Rfd1 Nf6 18. Nf3 Rac8 19. Kg2 Rc7 20. Qe5 Rcc8
21. b4 a6 22. a4 Kg7 23. Qd4 Rc6 24. Rxc6 Qxc6 25. g4 Kg8 26. a5 bxa5 27. bxa5
Qb5 28. g5 Nh5 29. Qe5 Qxe5 30. Nxe5 Nf4+ 31. Kf1 Rc8 32. e3 Ne6 33. h4 Rc5 34.
f4 Rxa5 35. Nc6 Ra2 36. Nxe7+ Kf8 37. Nd5 Rh2 38. Kg1 Rxh4 39. Ra1 h6 1/2-1/2

[Event "TCh-CHN 2017"]
[Site "China CHN"]
[Date "2017.07.29"]
[Round "11.1"]
[Board "4"]
[White "Zhao, Xue"]
[Black "Lagno, Kateryna"]
[Result "1/2-1/2"]
[WhiteTitle "GM"]
[BlackTitle "GM"]
[WhiteElo "2477"]
[BlackElo "2547"]
[WhiteTeam "Beijing"]
[BlackTeam "Chengdu"]
[WhiteFideId "8601283"]
[BlackFideId "14109336"]
[EventDate "2017.04.18"]

1. d4 Nf6 2. c4 g6 3. Nc3 d5 4. cxd5 Nxd5 5. e4 Nxc3 6. bxc3 Bg7 7. Qa4+ Qd7 8.
Bb5 c6 9. Be2 O-O 10. Qa3 b6 11. Nf3 c5 12. O-O cxd4 13. cxd4 Bb7 14. Qe3 Nc6
15. Bb2 Rac8 16. Rab1 e6 17. h4 h5 18. a4 Rfd8 19. Rfd1 Qe7 20. Ba3 Qf6 21. Bb2
Qe7 22. Ba3 Qf6 23. Bb2 1/2-1/2

[Event "TCh-CHN 2017"]
[Site "China CHN"]
[Date "2017.07.29"]
[Round "11.1"]
[Board "5"]
[White "Wang, Jue"]
[Black "Ren, Xiaoyi"]
[Result "0-1"]
[WhiteTitle "WGM"]
[WhiteElo "2359"]
[BlackElo "2254"]
[WhiteTeam "Beijing"]
[BlackTeam "Chengdu"]
[WhiteFideId "8604070"]
[BlackFideId "8608709"]
[EventDate "2017.04.18"]

1. e4 e5 2. Nf3 d6 3. d4 exd4 4. Nxd4 Nf6 5. Nc3 Be7 6. g3 d5 7. e5 Ng4 8. Bg2
Nxe5 9. Qe2 Nbc6 10. Be3 O-O 11. O-O-O Bg4 12. f3 Bc8 13. Nb3 Be6 14. Nc5 Bxc5
15. Bxc5 Re8 16. Rhe1 Nd7 17. Be3 Ne7 18. Bg5 c6 19. f4 Qa5 20. g4 Nf6 21. Bxf6
gxf6 22. f5 Bd7 23. Qd2 Kh8 24. Qd4 Ng8 25. Kb1 Rxe1 26. Rxe1 Re8 27. Rd1 Qb6
28. Qf4 Re5 29. a3 Qe3 30. Qb4 Qf2 31. Be4 dxe4 32. Rxd7 e3 33. Rxf7 e2 34. Qf8
Qg1+ 35. Ka2 Qxg4 36. h3 Qc4+ 0-1

[Event "TCh-CHN 2017"]
[Site "China CHN"]
[Date "2017.07.29"]
[Round "11.2"]
[Board "1"]
[White "Malakhov, Vladimir"]
[Black "Zhang, Ziji"]
[Result "1-0"]
[WhiteTitle "GM"]
[WhiteElo "2686"]
[BlackElo "2355"]
[WhiteTeam "Tianjin"]
[BlackTeam "Hebei"]
[WhiteFideId "4120787"]
[BlackFideId "8609470"]
[EventDate "2017.04.18"]

1. Nf3 d5 2. e3 Nf6 3. c4 c6 4. Nc3 e6 5. b3 Nbd7 6. Bb2 Bd6 7. d4 O-O 8. Bd3
Re8 9. h3 e5 10. dxe5 Nxe5 11. cxd5 Nxf3+ 12. Qxf3 Be5 13. O-O cxd5 14. Rfd1 Qa5
15. Rac1 Bd7 16. a3 Qb6 17. b4 d4 18. exd4 Bxd4 19. b5 Be5 20. Na4 Qa5 21. Bxe5
Rxe5 22. Nc5 Bc8 23. Nxb7 Bxb7 24. Qxb7 Rae8 25. Qf3 h5 26. Bf1 R5e6 27. Rc6 Qa4
28. Rxe6 Rxe6 29. Rd8+ Kh7 30. Rf8 Re1 31. Qf5+ g6 32. Qxf6 Rxf1+ 33. Kh2 1-0

[Event "TCh-CHN 2017"]
[Site "China CHN"]
[Date "2017.07.29"]
[Round "11.2"]
[Board "2"]
[White "Dai, Changren"]
[Black "Peng, Xiongjian"]
[Result "1/2-1/2"]
[WhiteElo "2437"]
[BlackElo "2410"]
[WhiteTeam "Tianjin"]
[BlackTeam "Hebei"]
[WhiteFideId "8608156"]
[BlackFideId "8610550"]
[EventDate "2017.04.18"]

1. e4 e5 2. Nf3 Nc6 3. Bb5 a6 4. Ba4 Nf6 5. O-O Be7 6. d3 b5 7. Bb3 d6 8. a3 O-O
9. Nc3 Bg4 10. Be3 Nd4 11. Bxd4 exd4 12. Nd5 c6 13. h3 Bxf3 14. Nxf6+ Bxf6 15.
Qxf3 Qd7 16. Qg3 Rae8 17. a4 Ra8 18. f4 Qe7 19. Qf3 b4 20. Rae1 Rae8 21. e5 dxe5
22. Qxc6 a5 23. fxe5 Bxe5 24. Bxf7+ Rxf7 25. Qd5 Qd7 26. Rxe5 Rxe5 27. Qxe5
Rxf1+ 28. Kxf1 Qxa4 29. Qd5+ Kf8 30. Qc5+ Kf7 31. Kf2 h6 32. h4 Kg8 33. h5 Kf7
34. Kg3 Kg8 35. Kf4 Qa1 36. Qd5+ Kh8 37. Qa8+ Kh7 38. Qe4+ Kg8 39. Qe8+ Kh7 40.
Qe4+ Kg8 41. Kf5 Qf1+ 42. Ke5 Qc1 43. Qa8+ Kh7 44. Qe4+ Kh8 45. Qa8+ Kh7 46.
Qe4+ 1/2-1/2

[Event "TCh-CHN 2017"]
[Site "China CHN"]
[Date "2017.07.29"]
[Round "11.2"]
[Board "3"]
[White "Wang, Yue"]
[Black "Wan, Yunguo"]
[Result "1-0"]
[WhiteTitle "GM"]
[BlackTitle "GM"]
[WhiteElo "2690"]
[BlackElo "2486"]
[WhiteTeam "Tianjin"]
[BlackTeam "Hebei"]
[WhiteFideId "8601429"]
[BlackFideId "8603189"]
[EventDate "2017.04.18"]

1. Nf3 Nf6 2. c4 g6 3. Nc3 Bg7 4. e4 d6 5. d4 O-O 6. h3 Na6 7. Be3 c5 8. d5 e6
9. Nd2 exd5 10. cxd5 Nxe4 11. Ndxe4 f5 12. Bxa6 bxa6 13. Nxc5 f4 14. Bd4 dxc5
15. Bxg7 Re8+ 16. Kf1 Kxg7 17. Qf3 Rb8 18. b3 Rb4 19. Kg1 Bf5 20. Kh2 Rd4 21.
Rhd1 Bc2 22. Re1 Bf5 23. Ne2 Rde4 24. Nxf4 Qf6 25. Qg3 Qd4 26. Rad1 Rxe1 27.
Rxd4 cxd4 28. Nh5+ Kf8 29. Qg5 R8e7 30. Ng3 R1e5 31. d6 Rf7 32. Qd8+ Re8 33. Qh4
d3 34. Qd4 Rd7 35. Nxf5 gxf5 36. Qh8+ Kf7 37. Qxh7+ Kf6 38. Qxd7 1-0

[Event "TCh-CHN 2017"]
[Site "China CHN"]
[Date "2017.07.29"]
[Round "11.2"]
[Board "4"]
[White "Wang, Doudou"]
[Black "Stefanova, Antoaneta"]
[Result "1/2-1/2"]
[WhiteTitle "WIM"]
[BlackTitle "GM"]
[WhiteElo "2191"]
[BlackElo "2500"]
[WhiteTeam "Hebei"]
[BlackTeam "Tianjin"]
[WhiteFideId "8603197"]
[BlackFideId "2902257"]
[EventDate "2017.04.18"]

1. d4 g6 2. c4 Bg7 3. Nc3 d6 4. Nf3 e5 5. dxe5 dxe5 6. Qxd8+ Kxd8 7. Bg5+ f6 8.
O-O-O+ Nd7 9. Be3 Bh6 10. Nd5 Bxe3+ 11. Nxe3 h5 12. g3 c6 13. Nh4 Ne7 14. f4 Kc7
15. Bg2 Re8 16. Nc2 exf4 17. gxf4 g5 18. fxg5 fxg5 19. Nf3 g4 20. Nfd4 Ne5 21.
b3 Bd7 22. Rhf1 Rf8 23. Ne3 h4 24. Kd2 Rg8 25. Rf6 h3 26. Be4 g3 27. hxg3 Rxg3
28. Nf3 Nxf3+ 29. Bxf3 Rh8 30. Rf7 Re8 31. Ke1 Be6 32. Rh7 Bg8 33. Rh6 Rxf3 34.
exf3 Nf5 35. Rxh3 Nxe3 36. Rd2 Nxc4+ 37. Re2 Rxe2+ 38. Kxe2 Nd6 39. Ke3 c5 40.
Kf4 a5 41. Ke5 a4 42. f4 axb3 43. axb3 c4 44. bxc4 Nxc4+ 45. Kd4 Nd6 46. Ke5 b5
47. Rg3 Ba2 48. Rg2 Bc4 49. f5 Nf7+ 50. Kd4 Kb6 51. Rc2 Nd6 52. f6 Bf7 53. Rb2
Kc6 54. Rb1 Nc4 55. Rc1 Kb6 56. Rb1 Na3 57. Rb2 Kc6 58. Re2 b4 59. Re7 Nb5+ 60.
Kd3 Bg6+ 61. Kc4 Nd6+ 62. Kxb4 Kd5 63. Rd7 Ke6 64. Rxd6+ Ke5 1/2-1/2

[Event "TCh-CHN 2017"]
[Site "China CHN"]
[Date "2017.07.29"]
[Round "11.2"]
[Board "5"]
[White "Zhai, Mo"]
[Black "Xiao, Yiyi"]
[Result "1/2-1/2"]
[WhiteTitle "WGM"]
[BlackTitle "WFM"]
[WhiteElo "2302"]
[BlackElo "2311"]
[WhiteTeam "Hebei"]
[BlackTeam "Tianjin"]
[WhiteFideId "8600201"]
[BlackFideId "8606161"]
[EventDate "2017.04.18"]

1. d4 Nf6 2. c4 e6 3. Nf3 b6 4. g3 Bb7 5. Bg2 Be7 6. O-O O-O 7. Re1 d5 8. cxd5
exd5 9. Nc3 Nbd7 10. Bf4 c5 11. Qc2 Ne4 12. Rad1 Rc8 13. Qb1 Nxc3 14. bxc3 Nf6
15. Ne5 cxd4 16. cxd4 Bd6 17. Bg5 Re8 18. Bh3 Rc7 19. Qb5 Bxe5 20. dxe5 Rxe5 21.
Bf4 Rc5 22. Qa4 Re7 23. Qxa7 Ra5 24. Qb8 Qxb8 25. Bxb8 Rxa2 26. Rb1 d4 27. Bd6
Re8 28. Rbd1 Ra4 29. Bc7 Rb4 30. Bd6 Rc4 31. Bf1 Ne4 32. Ba3 Nc3 33. Rd2 Ne4 34.
Rdd1 Nc3 35. Rd2 Ne4 36. Rdd1 Nc3 1/2-1/2